000
00298nam a22001217a 4500
008
181101b xxu||||| |||| 00| 0 eng d
041
_a
eng
080
_a
615.5
100
_a
7
101
_a
der
245
_a
Color Atlas And Synopsis Of Clinical Deermiatology
_c
Thomas.B.F
942
_2
udc
_c
BK
999
_c
51462
_d
51462